Internet and E-mail

Bibliographic Details
Main Author: Oxlade, Chris
Corporate Author: Title
Format: Book
Published: USA : Heinemann Library , 2001
Series:Communicating today
Subjects:

MARC

LEADER 00000cam a2200000 7i4500
001 0000003682
005 20151222.0
008 070719
020 |a 0431113750 
090 0 0 |a SC   |b ENG 
100 1 |a Oxlade, Chris 
245 1 0 |a Internet and E-mail   |c Chris Oxlade 
260 |a USA :   |b Heinemann Library ,   |c 2001 
440 0 |a Communicating today 
500 |a Children ages 10-12 years old (pink) 
650 0 |a Facsimile transmission   |x Juvenile 
650 0 |a Telephone   |x Juvenile literature 
710 0 |a Title 
999 |a 0000954928   |b Book   |c Children Collection   |e Cawangan Taman Sri Lambak 
999 |a 0000954929   |b Book   |c Children Collection   |e Perbadanan Perpustakaan Awam Johor 
999 |a 0000954930   |b Book   |c Children Collection   |e Perbadanan Perpustakaan Awam Johor